Behavior Management : A Practical Approach For Educators. (Record no. 278)
[ view plain ]
| 005 - DATE AND TIME OF LATEST TRANSACTION | |
|---|---|
| control field | 20250619144350.0 |
| 020 ## - INTERNATIONAL STANDARD BOOK NUMBER | |
| International Standard Book Number | 0675-208297-04 |
| 082 ## - DEWEY DECIMAL CLASSIFICATION NUMBER | |
| Classification number | 301 WAL |
| 100 ## - MAIN ENTRY--PERSONAL NAME | |
| Author name | WALKER, J . E. |
| 245 ## - TITLE STATEMENT | |
| Title | Behavior Management : A Practical Approach For Educators. |
| 250 ## - EDITION STATEMENT | |
| Edition statement | 4th Ed. |
| 260 ## - PUBLICATION, DISTRIBUTION, ETC. | |
| Place of publication, distribution, etc. | Columbus, |
| Name of publisher, distributor, etc. | Merrill Publishing Company, |
| Date of publication, distribution, etc. | 1988. |
| 300 ## - PHYSICAL DESCRIPTION | |
| Extent | xi, 290p.: ill.; figure, picture, |
| Other physical details | Index & References |
| Dimensions | 25cm |
| 700 ## - ADDED ENTRY--PERSONAL NAME | |
| Other authors/Editors | SHEA, T . M. |
| 942 ## - ADDED ENTRY ELEMENTS (KOHA) | |
| Source of classification or shelving scheme | Dewey Decimal Classification |
| Koha item type | Books |
| Date last seen | Total checkouts | Full call number | Barcode | Cost, replacement price | Price effective from | Koha item type | Lost status | Source of classification or shelving scheme | Damaged status | Not for loan | Withdrawn status | Home library | Current library | Shelving location | Date acquired | Cost, normal purchase price |
|---|---|---|---|---|---|---|---|---|---|---|---|---|---|---|---|---|
| 03/10/2025 | 301 WAL | 000000996 | 90000.00 | 03/10/2025 | Books | Dewey Decimal Classification | College of Business Education Main Library | College of Business Education Main Library | General Collection | 03/10/2025 | 30000.00 | |||||
| 03/10/2025 | 301 WAL | 000000997 | 90000.00 | 03/10/2025 | Books | Dewey Decimal Classification | College of Business Education Main Library | College of Business Education Main Library | General Collection | 03/10/2025 | 30000.00 | |||||
| 03/10/2025 | 301 WAL | 000000998 | 90000.00 | 03/10/2025 | Books | Dewey Decimal Classification | College of Business Education Main Library | College of Business Education Main Library | General Collection | 03/10/2025 | 30000.00 |
